Strategic supply management : (Record no. 343405)
[ view plain ]
| 000 -LEADER | |
|---|---|
| fixed length control field | 00875 a2200205 4500 |
| 020 ## - INTERNATIONAL STANDARD BOOK NUMBER | |
| International Standard Book Number | 0750622539 |
| 020 ## - INTERNATIONAL STANDARD BOOK NUMBER | |
| International Standard Book Number | 9780750622530 |
| 082 04 - DEWEY DECIMAL CLASSIFICATION NUMBER | |
| Classification number | 658.72 |
| 090 ## - LOCALLY ASSIGNED LC-TYPE CALL NUMBER (OCLC); LOCAL CALL NUMBER (RLIN) | |
| -- | 860 |
| -- | 860 |
| 100 1# - MAIN ENTRY--PERSONAL NAME | |
| Personal name | Chadwick, Tom. |
| 245 10 - TITLE STATEMENT | |
| Title | Strategic supply management : |
| Remainder of title | an implementation toolkit / |
| Statement of responsibility, etc. | Tom Chadwick. |
| 260 ## - PUBLICATION, DISTRIBUTION, ETC. | |
| Place of publication, distribution, etc. | [S.l.] : |
| Name of publisher, distributor, etc. | Butterworth-Heinemann, |
| Date of publication, distribution, etc. | 1996. |
| 300 ## - PHYSICAL DESCRIPTION | |
| Extent | 246 p. ; |
| Dimensions | 24 cm. |
| 500 ## - GENERAL NOTE | |
| General note | Hardcover. |
| 520 ## - SUMMARY, ETC. | |
| Summary, etc. | Aimed at practitioners in purchasing and supply management positions, as well as postgraduate and post-experience students. Provides a step-bystep guide to implementing an effective supply strategy. |
| 700 1# - ADDED ENTRY--PERSONAL NAME | |
| Personal name | Rajagopal, Shan. |
| 856 40 - ELECTRONIC LOCATION AND ACCESS | |
| Materials specified | Amazon.com |
| Uniform Resource Identifier | <a href="http://www.amazon.com/exec/obidos/ASIN/0750622539/chopaconline-20">http://www.amazon.com/exec/obidos/ASIN/0750622539/chopaconline-20</a> |
| 856 40 - ELECTRONIC LOCATION AND ACCESS | |
| Materials specified | Amazon customer reviews |
| Uniform Resource Identifier | <a href="http://www.chopac.org/cgi-bin/tools/azrev.pl?q=0750622539">http://www.chopac.org/cgi-bin/tools/azrev.pl?q=0750622539</a> |
| 942 ## - ADDED ENTRY ELEMENTS (KOHA) | |
| Institution code [OBSOLETE] | NBS |
| Koha item type | Book |
| Call number prefix | 658.7 CHA |
| Withdrawn status | Lost status | Damaged status | Not for loan | Permanent Location | Current Location | Date acquired | Total Checkouts | Full call number | Barcode | Date last seen | Price effective from | Koha item type |
|---|---|---|---|---|---|---|---|---|---|---|---|---|
| Central Library (CL) | Central Library (CL) | 08/28/2013 | 658.7 CHA | NBS847 | 08/28/2013 | 08/28/2013 | Book |
